• 首页
  • 本馆介绍
  • 公告通知
  • 最新文献
  • 馆藏检索
  • 电子资源
  • 读者导购
  • 参考咨询
  • 我的图书馆
  • 登录
  • 详细信息显示
  • 放入我的书架
  • 预约/预借图书
  • 作者相关作品
  • 分类相关作品
  • 丛书相关作品
  • 出版社相关作品

书目信息

  • 表格格式
  • 工作单格式
  • 卡片格式
题名:
三江并流区地貌与环境效应
    
 
作者: 明庆忠 著
分册:  
出版信息: 北京   科学出版社  2007
页数: 22,200页
开本: 26cm
丛书名:
单 册:
中图分类: X144
科图分类:
主题词: 环境地貌学--研究--云南省
电子资源:
ISBN: 978-7-03-018590-7
000 01209nam0 2200277 450
001 012004128872
005 20070805150017.25
009 012004128872
010    @a978-7-03-018590-7@dCNY45.00
035    @a(110019)012007010541
100    @a20070425d2007 em y0chiy0110 ea
101 0  @achi@deng@eeng
102    @aCN@b110000
105    @ay z 000yy
106    @ar
200 1  @a三江并流区地貌与环境效应@Asan jiang bing liu qu di mao yu huan jing xiao ying@dThe landform development and environmental effects of three parallel rivers@f明庆忠著@Fming qing zhong zhu@zeng
210    @a北京@c科学出版社@d2007
215    @a22,200页@d26cm
300    @a云南师范大学学术文库 云南师范大学学术著作出版基金资助
330    @a本书分为七章,分别论述了三江并流区地貌与环境演化效应研究进展及意义、地貌发育与环境化的地质基础、河谷地貌特征与主要类型、晚新生代以来的环境演化、西南季风与三江并流区气候环境演化、纵向岭谷地貌及其生态与环境效应、干热河谷的特征及成因。
510 1  @aLandform development and environmental effects of three parallel rivers@zeng
606 0  @a环境地貌学@x研究@y云南省
690    @aX144@v4
701  0 @a明庆忠@Aming qing zhong@4著
801  0 @aCN@b110019@c20070805
905    @dX144@e154@f4
    
    三江并流区地貌与环境效应=The landform development and environmental effects of three parallel rivers/明庆忠著.-北京:科学出版社,2007
    22,200页;26cm
    云南师范大学学术文库 云南师范大学学术著作出版基金资助
    
    ISBN 978-7-03-018590-7:CNY45.00
    本书分为七章,分别论述了三江并流区地貌与环境演化效应研究进展及意义、地貌发育与环境化的地质基础、河谷地貌特征与主要类型、晚新生代以来的环境演化、西南季风与三江并流区气候环境演化、纵向岭谷地貌及其生态与环境效应、干热河谷的特征及成因。
●
相关链接 在E读中查询图书 在五车中查询图书 在当当中查询图书 在豆瓣中查询图书


正题名:三江并流区地貌与环境效应     索取号:X144/154         预约/预借

序号 登录号 条形码 馆藏地/架位号 状态 备注
1 0852032   208520322   第二样本阅览室/ [索取号:X144/154] 在馆    
2 0852033   208520331   第三借阅区/ [索取号:X144/154] 在馆    
3 0852034   208520340   第三借阅区/ [索取号:X144/154] 在馆    
4 0852035   208520359   第三借阅区/ [索取号:X144/154] 在馆    
唐山师范学院图书馆 欢迎您!
大连网信软件有限公司© 版权所有